000 00621nam a22002417a 4500
003 UA-OsUOA
001 41253
007 ta
008 20080722b un ||||| |||| 00| 0 ukr d
100 _aЛяликов Н.И.
090 _a910+330
_bЛ97
942 _cBK
040 _aUA-OsUOA
_brus
_cUA-OsUOA
_dUA-OsUOA
245 _aСоветская Украина
300 _a214 с.
955 _a4
041 _arus
080 _a910+330
260 _aМосква
_c1954
246 3 1 _aОчерк экономической географии
650 7 _a330 Економіка взагалі
_2UDC
999 _c439755
_d439755